000 00537nam a2200181Ia 4500
008 151202s9999||||xx |||||||||||||| ||und||
082 _bPNVM-33909
100 _aजोशी नारायण.
245 _aानदौलत.
260 _b"इंद्रायणी साहित्य,पुणे."
260 _c1982
300 _a91
600 _aजोशी नारायण.
630 _aानदौलत.
700 _aजोशी नारायण.
730 _aानदौलत.
942 _cBOOK
999 _c1299867
_d1299864